000 00568nam a2200181 i 4500
001 24861
003 ES-MaACL
005 20260103140402.0
007 t|
008 021219s1914 sp ||||1| spa d
245 0 0 _aAntología de poetas andaluces /
_cpor Bruno Portillo y Enrique Vázquez Aldana.
260 _aHuescar :
_b[s.n.,
_c1914] (
_fRodríguez García)
300 _a341 p. ;
_c21 cm.
700 1 _aPortillo y Portillo, Bruno,
_d1855-1935
_993273
700 1 _aVázquez de Aldana, Enrique.
_9113411
852 _aES-MaACL
_jF-3462
999 _c24861
_d24861